| 000 | 01113cam a2200325 i 4500 | ||
|---|---|---|---|
| 001 | 24700 | ||
| 003 | Mx-PuUPA | ||
| 005 | 20250507122218.0 | ||
| 008 | 140415s2002 mx gr 000 0 spa d | ||
| 020 | _a9701034848 | ||
| 040 |
_aMx-PuUPA _cMx-PuUPA _bspa _dMx-PuUPA _erda |
||
| 041 | 0 | _aspa | |
| 100 | 1 |
_aGil Rendón, Raymundo, _eautor _917003 |
|
| 245 | 1 | 3 |
_aEl Ombudsman en el derecho constitucional comparado / _cRaymundo Gil Rendón |
| 250 | _aPrimera edición | ||
| 264 | 1 |
_aMéxico, D. F. : _bMcGraw-Hill/Interamericana editores, _c©2002 |
|
| 300 |
_axxii, 629 páginas ; _c23 cm |
||
| 336 |
_2rdacontent _atexto _btxt |
||
| 337 |
_2rdamedia _asin medio _bn |
||
| 338 |
_2rdacarrier _avolumen _bnc |
||
| 650 | 7 |
_2armarc _913986 _aDerecho comparado |
|
| 650 | 7 |
_2armarc _aDerecho constitucional |
|
| 650 | 7 |
_2armarc _aDefensores de derecho humanos |
|
| 650 | 7 |
_2armarc _cDerechos humanos _913986 |
|
| 942 |
_2ddc _cLI _h342 _iG46 |
||
| 999 |
_c24700 _d24700 |
||